| 000 | 00661nab a2200181 4500 | ||
|---|---|---|---|
| 001 | 244442 | ||
| 003 | OSt | ||
| 005 | 20260302135452.0 | ||
| 007 | tu | ||
| 008 | 260302s2020||||||| | ||
| 040 |
_aDE-2950 _cDE-2950 |
||
| 245 | 0 | 0 |
_aDutzende Bäume für Brücke über Ortsumfahrung gefällt _bVerkehr. Die Arbeiten für den dritten Bauabschnitt der B112-Ortsumfahrung bei Frankfurt haben begonnen. Dafür waren auch Rodungen nahe Booßen nötig/ _cThomas Gutke |
| 264 | _c2026 | ||
| 653 | _aFrankfurt (Oder) | ||
| 653 | _aB112 - Ortsumfahrung | ||
| 773 | 0 |
_g37. Jahrgang (2026) Nr. 46 vom 24. 02.2026 , S. 13 , mit Foto _tMärkische Oderzeitung |
|
| 942 |
_2z _cA |
||
| 999 |
_c374321 _d374321 |
||